| 000 | 00576nam a22002177a 4500 | ||
|---|---|---|---|
| 003 | OSt | ||
| 005 | 20140310182020.0 | ||
| 008 | 130731t xxu||||| |||| 00| 0 eng d | ||
| 020 | _a9789810699741 | ||
| 020 | _a9810699743 | ||
| 050 |
_aPE 1072 _b.F716w6 2006 |
||
| 082 |
_aTR 410 _bF761 2006 |
||
| 100 |
_aForesman, Scott _92517 |
||
| 245 |
_aWorld of Language 6 / _cScott Foresman |
||
| 260 |
_aSingapore : _bPearson, _cc2006. |
||
| 300 |
_axii, 548 p. _bill. ; _c23 cm. |
||
| 541 | _j1 | ||
| 562 | _e1 | ||
| 650 |
_aLanguage. _91929 |
||
| 942 |
_2lcc _cBK-TR _kTR |
||
| 999 |
_c8323 _d8323 |
||